00448nam a22001097a 4500020001800000082001700018245008100035260004200116300001500158650014300173700002200316 a9788170008071 a025.284bELE aElectronic resource management in librariesb: trends, issues and challenges aNew DelhibEss Ess Publicationsc2016 axiv, 384p. aInformation Communication Technology (ICT)vManagement LibrariesvDigital librariesvSpecial collectionsvElectronic information resources aGunjal, Bhojaraju